Revisión del peso del litro normal y de la desviación a la Ley de Avogadro del gas óxido de metilo / (Record no. 31033)

MARC details
000 -LEADER
campo de control de longitud fija 00601nam a2200169 i 4500
001 - NÚMERO DE CONTROL
campo de control 31033
003 - IDENTIFICADOR DE NÚMERO DE CONTROL
campo de control ES-MaACL
005 - FECHA Y HORA DE LA ÚLTIMA TRANSACCIÓN
campo de control 20230906154310.0
007 - CAMPO FIJO DE DESCRIPCIÓN FÍSICA--INFORMACIÓN GENERAL
campo de control de longitud fija t|
008 - DATOS DE LONGITUD FIJA--INFORMACIÓN GENERAL
campo de control de longitud fija 030128s1924 sp ||||1| spa d
100 1# - ENTRADA PRINCIPAL--NOMBRE DE PERSONA
Nombre de persona Batuecas, Tomás.
9 (RLIN) 26494
245 10 - MENCIÓN DEL TÍTULO
Título Revisión del peso del litro normal y de la desviación a la Ley de Avogadro del gas óxido de metilo /
Mención de responsabilidad, etc. por T. Batuecas.
260 ## - PUBLICACIÓN, DISTRIBUCIÓN, ETC.
Lugar de publicación, distribución, etc. [S.l. :
Nombre del editor, distribuidor, etc. s.n.,
Fecha de publicación, distribución, etc. 1924] (
Lugar de fabricación/manufactura Madrid)
300 ## - DESCRIPCIÓN FÍSICA
Extensión 12 h. ;
Dimensiones 22 cm.
500 ## - NOTA GENERAL
Nota general Es Separata de: Anales de la Sociedad Española de Física y Química, tomo XXII, p. 409-431.
852 ## - LOCALIZACIÓN
Ubicación ES-MaACL
Número de control de estantería 1733-F-29
Holdings
Estatus retirado Estado de pérdida Estado de daño No para préstamo Colección Biblioteca de origen Biblioteca actual Ubicación en estantería Fecha de adquisición Fuente de adquisición Total de préstamos Signatura topográfica completa Código de barras Visto por última vez Precio de reemplazo Tipo de ítem Koha
        Colección de folletos Biblioteca del Ateneo de Madrid Biblioteca del Ateneo de Madrid Depósito folletos 17/01/2008     1733-F-29 1032059 23/02/2023 23/02/2023 Folleto